000 00763nam a2200253Ia 4500
003 OSt
005 20220927111740.0
006 a|||||r|||| 00| 0
007 ta
008 220926b |||||||| |||| 00| 0 eng d
024 _a88058
037 _cReports
040 _aRTL
_cRTL
_beng
041 _2eng
_aeng
082 _a"X9(HZ):93.2.N9, N4"
110 _aGovernment of India. Occupational Wage Survey (fifth round)
_9382635
245 0 _aReport on mining industries
260 _aSimla
_bBharat Sarkar India
_c1994
300 _a169p.
_ccm.
650 _aMinings
700 _aGovernment of India. Occupational Wage Survey (fifth round)
_9382636
942 _h"X9(HZ):93.2.N9, N4"
_cCC
999 _c699479
_d699479